[Event "54th ch-IND Premier 2016"]
[Site "Lucknow IND"]
[Date "2016.11.21"]
[Round "5.1"]
[White "Dhulipalla, Bala Chandra Prasad"]
[Black "Praneeth, Surya K"]
[Result "1-0"]
[BlackTitle "FM"]
[WhiteElo "2316"]
[BlackElo "2388"]
[WhiteFideId "25005812"]
[BlackFideId "5091411"]
[EventDate "2016.11.17"]

1. d4 Nf6 2. Nf3 g6 3. Bf4 Bg7 4. e3 d6 5. Be2 O-O 6. O-O b6 7. h3 Bb7 8. a4 a5
9. Nbd2 Nfd7 10. Nc4 Qe8 11. Bh2 e5 12. c3 Nc6 13. Na3 Ndb8 14. Bc4 Kh8 15. Bd5
Qe7 16. Qb3 f5 17. dxe5 dxe5 18. Qc4 Rd8 19. Nb5 Rd7 20. e4 Nd8 21. Bxb7 Nxb7
22. exf5 c6 23. Na3 e4 24. Nd4 Nd6 25. Qb3 c5 26. Bxd6 Rxd6 27. Ndb5 Rf6 28.
fxg6 Rxg6 29. Qd5 Nc6 30. Rae1 Re8 31. Nc4 Re6 32. Ncd6 Ne5 33. Nxe8 Nf3+ 34.
gxf3 Qf7 35. Qxe6 Qxe6 36. Rxe4 Qg6+ 37. Kh2 Bh6 38. Nbd6 1-0

[Event "54th ch-IND Premier 2016"]
[Site "Lucknow IND"]
[Date "2016.11.21"]
[Round "5.2"]
[White "Bakre, Tejas"]
[Black "Nitin, S."]
[Result "1-0"]
[WhiteTitle "GM"]
[BlackTitle "IM"]
[WhiteElo "2450"]
[BlackElo "2415"]
[WhiteFideId "5004195"]
[BlackFideId "5018277"]
[EventDate "2016.11.17"]

1. d4 Nf6 2. Bg5 c5 3. Nc3 cxd4 4. Qxd4 Nc6 5. Qh4 d6 6. Bxf6 gxf6 7. e4 Qa5 8.
f4 f5 9. Bd3 Nb4 10. Nge2 Qc5 11. Bb5+ Kd8 12. O-O-O Nxa2+ 13. Nxa2 Qxb5 14.
Rxd6+ Ke8 15. Nec3 Qc4 16. Rd2 fxe4 17. Re1 Bf5 18. g4 Be6 19. f5 e3 20. Rxe3
Bxf5 21. Nd5 Be4 22. Rxe4 1-0

[Event "54th ch-IND Premier 2016"]
[Site "Lucknow IND"]
[Date "2016.11.21"]
[Round "5.5"]
[White "Kunte, Abhijit"]
[Black "Adhiban, Baskaran"]
[Result "1/2-1/2"]
[WhiteTitle "GM"]
[BlackTitle "GM"]
[WhiteElo "2494"]
[BlackElo "2666"]
[WhiteFideId "5002265"]
[BlackFideId "5018471"]
[EventDate "2016.11.17"]

1. Nf3 Nf6 2. g3 g6 3. Bg2 Bg7 4. O-O O-O 5. d4 d6 6. Re1 Nbd7 7. e4 e5 8. c3 c6
9. a4 Qc7 10. Nbd2 b6 11. Qc2 Bb7 12. b3 Rfe8 13. dxe5 dxe5 14. Bf1 a6 15. h3
Bf8 16. Ba3 Bxa3 17. Rxa3 b5 18. b4 Rac8 19. Qb1 Nb6 20. a5 Nbd7 21. c4 Qd6 22.
c5 Qe7 23. Rd3 Nf8 24. Nb3 Rcd8 25. Red1 Rxd3 1/2-1/2

[Event "54th ch-IND Premier 2016"]
[Site "Lucknow IND"]
[Date "2016.11.21"]
[Round "5.6"]
[White "Aravindh, Chithambaram VR."]
[Black "Karthikeyan, Murali"]
[Result "1-0"]
[WhiteTitle "GM"]
[BlackTitle "GM"]
[WhiteElo "2565"]
[BlackElo "2530"]
[WhiteFideId "5072786"]
[BlackFideId "5074452"]
[EventDate "2016.11.17"]

1. e4 c5 2. Nf3 d6 3. d4 cxd4 4. Nxd4 Nf6 5. Nc3 Nc6 6. Bg5 e6 7. Qd2 a6 8.
O-O-O Bd7 9. f4 b5 10. Bxf6 gxf6 11. Kb1 Qb6 12. Nxc6 Bxc6 13. f5 Qc5 14. Bd3 b4
15. Ne2 e5 16. Ng3 h5 17. h4 a5 18. Qe2 a4 19. Nxh5 Ke7 20. g4 a3 21. Bc4 axb2
22. Bb3 Ra3 23. Rh3 Bh6 24. Nxf6 Rha8 25. g5 Ba4 26. Nd5+ Kd8 27. gxh6 Bxb3 28.
Rxb3 Rxa2 29. Nxb4 R2a4 30. h7 Kd7 31. Qd2 1-0

[Event "54th ch-IND Premier 2016"]
[Site "Lucknow IND"]
[Date "2016.11.21"]
[Round "5.7"]
[White "Ravi, Teja S."]
[Black "Sriram, Jha"]
[Result "1-0"]
[WhiteTitle "IM"]
[BlackTitle "GM"]
[WhiteElo "2384"]
[BlackElo "2426"]
[WhiteFideId "5017220"]
[BlackFideId "5001668"]
[EventDate "2016.11.17"]

1. d4 Nf6 2. c4 g6 3. Nc3 Bg7 4. e4 d6 5. Nf3 O-O 6. Be2 Bg4 7. O-O Nfd7 8. Be3
Nc6 9. d5 Bxf3 10. Bxf3 Na5 11. Be2 Bxc3 12. bxc3 e5 13. dxe6 fxe6 14. f4 Qe7
15. Qa4 b6 16. Rad1 Rad8 17. g3 Rf7 18. h4 Rdf8 19. Qc2 Rg7 20. Kg2 Nb7 21. e5
dxe5 22. fxe5 Rf5 23. Qe4 Nbc5 24. Bxc5 Qxc5 25. Bg4 Rxf1 26. Bxe6+ Rff7 27.
Rxd7 Qf2+ 28. Kh3 Qf1+ 29. Kg4 Kh8 30. Bxf7 Rxf7 31. Rxf7 Qxf7 32. e6 h5+ 33.
Kg5 Qe7+ 34. Kh6 Qg7+ 35. Kg5 Qe7+ 36. Kf4 Qf6+ 37. Ke3 Qxc3+ 38. Ke2 Qb2+ 39.
Kf3 Qa3+ 40. Kg2 Qxa2+ 41. Kh3 Qa4 42. Qd4+ 1-0

[Event "54th ch-IND Premier 2016"]
[Site "Lucknow IND"]
[Date "2016.11.22"]
[Round "6.2"]
[White "Karthikeyan, Murali"]
[Black "Ravi, Teja S."]
[Result "1-0"]
[WhiteTitle "GM"]
[BlackTitle "IM"]
[WhiteElo "2530"]
[BlackElo "2384"]
[WhiteFideId "5074452"]
[BlackFideId "5017220"]
[EventDate "2016.11.17"]

1. e4 c6 2. d4 d5 3. e5 Bf5 4. h4 h5 5. Bd3 Bxd3 6. Qxd3 e6 7. Nc3 a6 8. Nf3 Ne7
9. Bg5 Qc7 10. O-O Nf5 11. Ne2 Be7 12. Ng3 g6 13. Nxf5 gxf5 14. a4 Nd7 15. Rfe1
Bxg5 16. Nxg5 Nf8 17. b4 Nh7 18. Nf3 Rg8 19. b5 Rg4 20. c4 dxc4 21. Qxc4 axb5
22. axb5 Rc8 23. Rec1 Nf8 24. Ra7 Ng6 25. Qa4 Ne7 26. Ng5 Qb6 27. bxc6 Nxc6 28.
Ra8 Rxa8 29. Qxa8+ Nd8 30. Nh7 Rxd4 31. Qa3 Qb4 32. Qg3 Nc6 33. Qg8+ Qf8 34.
Qxf8+ 1-0

[Event "54th ch-IND Premier 2016"]
[Site "Lucknow IND"]
[Date "2016.11.22"]
[Round "6.3"]
[White "Adhiban, Baskaran"]
[Black "Aravindh, Chithambaram VR."]
[Result "0-1"]
[WhiteTitle "GM"]
[BlackTitle "GM"]
[WhiteElo "2666"]
[BlackElo "2565"]
[WhiteFideId "5018471"]
[BlackFideId "5072786"]
[EventDate "2016.11.17"]

1. e4 c5 2. Nf3 d6 3. d4 Nf6 4. Nc3 cxd4 5. Nxd4 Nc6 6. Bc4 e6 7. Be3 Be7 8. Qe2
O-O 9. O-O-O Qc7 10. Bb3 a6 11. g4 Nxd4 12. Rxd4 e5 13. Rc4 Qd8 14. g5 Nd7 15.
Nd5 Bxg5 16. Rg1 Bxe3+ 17. Qxe3 Qh4 18. Rc7 Nc5 19. Ne7+ Kh8 20. Bd5 a5 21. Qg3
Qf6 22. h4 Bd7 23. Qg5 Qxg5+ 24. hxg5 g6 25. f4 exf4 26. e5 dxe5 27. Rxc5 Rae8
28. Bxb7 Rxe7 29. Rc7 Rfe8 30. Be4 Bf5 31. Rc4 Bxe4 32. Rxe4 Kg7 33. c4 f5 34.
gxf6+ Kxf6 35. a3 Kf5 36. Rge1 f3 37. R4e3 e4 38. c5 Kf4 0-1

[Event "54th ch-IND Premier 2016"]
[Site "Lucknow IND"]
[Date "2016.11.22"]
[Round "6.5"]
[White "Abhishek, Kelkar"]
[Black "Laxman, R.R."]
[Result "0-1"]
[WhiteTitle "IM"]
[BlackTitle "GM"]
[WhiteElo "2389"]
[BlackElo "2387"]
[WhiteFideId "5019257"]
[BlackFideId "5005361"]
[EventDate "2016.11.17"]

1. d4 Nf6 2. Nf3 e6 3. c4 d5 4. Nc3 Bb4 5. Qb3 Nc6 6. e3 Ne4 7. Bd3 O-O 8. a3
Bxc3+ 9. bxc3 b6 10. Qc2 Ba6 11. Nd2 f5 12. cxd5 Bxd3 13. Qxd3 exd5 14. c4 Na5
15. cxd5 Qxd5 16. O-O c5 17. Nxe4 fxe4 18. Qb5 Rf5 19. dxc5 Nb3 20. Rb1 Nxc5 21.
Rb4 Raf8 22. Qc4 Qxc4 23. Rxc4 g5 24. a4 Re8 25. Ba3 Nd3 26. Rd4 g4 27. Ra1 Rf7
28. Ra2 Rc7 29. Kf1 Rc3 30. h3 gxh3 31. gxh3 a6 32. Ke2 Rc1 33. Bb4 Rh1 34. Rc2
Nc1+ 35. Kd2 Nb3+ 36. Kc3 Nxd4 37. Kxd4 Rd1+ 38. Kc3 Rc8+ 39. Kb2 Rxc2+ 40. Kxc2
Rf1 41. Kc3 Rxf2 42. Kd4 Ra2 0-1

[Event "54th ch-IND Premier 2016"]
[Site "Lucknow IND"]
[Date "2016.11.22"]
[Round "6.7"]
[White "Dhulipalla, Bala Chandra Prasad"]
[Black "Bakre, Tejas"]
[Result "0-1"]
[BlackTitle "GM"]
[WhiteElo "2316"]
[BlackElo "2450"]
[WhiteFideId "25005812"]
[BlackFideId "5004195"]
[EventDate "2016.11.17"]

1. d4 d5 2. Bf4 Nf6 3. e3 c5 4. Nf3 Nc6 5. Nbd2 Bf5 6. Bb5 Qb6 7. c4 cxd4 8.
exd4 a6 9. Bxc6+ bxc6 10. O-O e6 11. Ne5 Nd7 12. c5 Qxb2 13. Nxc6 Qb5 14. Ne5
Nxe5 15. Bxe5 f6 16. Bg3 Be7 17. Re1 Kf7 18. Re3 Rhc8 19. Rb3 Qa4 20. Nf1 Kf8
21. Ne3 Be4 22. f3 Bg6 23. Rb6 Qxd1+ 24. Rxd1 Bf7 25. Rdb1 e5 26. Nf5 Bd8 27.
Nd6 Bxb6 28. Nxc8 Bxc5 29. dxc5 Rxc8 30. Be1 d4 31. Rb6 Bxa2 32. Rxa6 Bd5 33.
Kf2 Kf7 34. Bb4 Rb8 35. Rb6 Ra8 36. Rd6 Be6 37. c6 Ra4 38. Bc5 Ra2+ 39. Kg3 Rc2
40. Rd7+ Kg6 41. Bf8 Rxc6 42. Rxg7+ Kf5 43. Rxh7 d3 44. Bh6 Kg6 45. Rh8 f5 46.
Kf2 Rc2+ 47. Ke1 f4 48. Rd8 Re2+ 49. Kf1 Bc4 50. Rd6+ Kh7 0-1

[Event "54th ch-IND Premier 2016"]
[Site "Lucknow IND"]
[Date "2016.11.24"]
[Round "7.3"]
[White "Laxman, R.R."]
[Black "Nitin, S."]
[Result "1-0"]
[WhiteTitle "GM"]
[BlackTitle "IM"]
[WhiteElo "2387"]
[BlackElo "2415"]
[WhiteFideId "5005361"]
[BlackFideId "5018277"]
[EventDate "2016.11.17"]

1. d4 Nf6 2. Nf3 g6 3. c4 Bg7 4. g3 O-O 5. Bg2 d6 6. O-O Nc6 7. Nc3 a6 8. Bf4 h6
9. d5 Na5 10. b3 c5 11. Rc1 Rb8 12. a3 Bd7 13. h3 b5 14. Nd2 b4 15. axb4 cxb4
16. Na2 Nh5 17. e3 Rb6 18. Kh2 Nb7 19. Bf3 Nxf4 20. gxf4 a5 21. Rb1 Nc5 22. Bg4
Be8 23. Nc1 a4 24. Rg1 e6 25. dxe6 fxe6 26. bxa4 e5 27. a5 Rb8 28. Ndb3 exf4 29.
Nxc5 dxc5 30. Be6+ Kh7 31. Qxd8 Rxd8 32. Bd5 fxe3 33. fxe3 Bf7 34. e4 Bxd5 35.
exd5 Bd4 36. Nd3 Bxg1+ 37. Kxg1 Ra8 38. Nxc5 Rfc8 39. Nd7 Rxa5 40. Rxb4 Ra2 41.
Rb7 1-0

[Event "54th ch-IND Premier 2016"]
[Site "Lucknow IND"]
[Date "2016.11.24"]
[Round "7.4"]
[White "Kunte, Abhijit"]
[Black "Abhishek, Kelkar"]
[Result "1/2-1/2"]
[WhiteTitle "GM"]
[BlackTitle "IM"]
[WhiteElo "2494"]
[BlackElo "2389"]
[WhiteFideId "5002265"]
[BlackFideId "5019257"]
[EventDate "2016.11.17"]

1. d4 d5 2. c4 c6 3. Nc3 Nf6 4. e3 a6 5. Nf3 Bf5 6. Ne5 Nbd7 7. Qb3 Qc7 8. cxd5
Nxe5 9. dxe5 Nxd5 10. Nxd5 cxd5 11. Bd2 e6 12. Rc1 Qd7 13. Be2 Be7 14. Ba5 Rc8
15. Rxc8+ Qxc8 16. Kd2 Qc5 17. Qa4+ Qc6 18. Qxc6+ bxc6 19. b4 Kd7 20. Rc1 Ra8
21. f4 f6 22. exf6 Bxf6 23. Bd3 Bxd3 24. Kxd3 e5 25. fxe5 Bxe5 1/2-1/2

[Event "54th ch-IND Premier 2016"]
[Site "Lucknow IND"]
[Date "2016.11.24"]
[Round "7.6"]
[White "Ravi, Teja S."]
[Black "Adhiban, Baskaran"]
[Result "0-1"]
[WhiteTitle "IM"]
[BlackTitle "GM"]
[WhiteElo "2384"]
[BlackElo "2666"]
[WhiteFideId "5017220"]
[BlackFideId "5018471"]
[EventDate "2016.11.17"]

1. d4 d5 2. c4 e6 3. Nc3 c6 4. cxd5 exd5 5. Bf4 Bd6 6. Bxd6 Qxd6 7. e3 Bf5 8.
Qb3 Nd7 9. Nge2 Ngf6 10. Ng3 Bg6 11. h4 h5 12. Be2 O-O-O 13. Rc1 Kb8 14. Ba6 Qc7
15. O-O Nb6 16. a4 bxa6 17. a5 Qb7 18. axb6 axb6 19. Na4 Ka7 20. Rc3 Ne8 21.
Rfc1 Nd6 22. Rxc6 Nc4 23. Rxb6 Nxb6 24. Nc5 Rc8 25. Nxb7 Rxc1+ 26. Kh2 Kxb7 27.
Ne2 Rc2 28. Nc3 Rxf2 29. Nxd5 Rxg2+ 30. Kh3 Bf5+ 31. Kxg2 Be4+ 32. Kf2 Bxd5 33.
Qd3 Re8 34. Qf5 g6 35. Qg5 a5 36. Ke2 a4 37. Kf2 Ka6 38. Qf6 Rc8 39. e4 Bxe4 40.
Qxf7 Rc2+ 41. Kg3 Rg2+ 42. Kh3 Rxb2 43. Qf1+ Ka7 44. Qf7+ Bb7 45. Qxg6 Rb3+ 46.
Kh2 a3 47. Qxh5 Nd5 48. Qe8 Rb2+ 49. Kh3 Rb3+ 50. Kh2 Rb4 51. Qe1 a2 52. h5 Ra4
53. Qa1 Ra6 54. Kg3 Nb4 55. h6 Nc2 0-1

[Event "54th ch-IND Premier 2016"]
[Site "Lucknow IND"]
[Date "2016.11.24"]
[Round "7.7"]
[White "Sriram, Jha"]
[Black "Karthikeyan, Murali"]
[Result "0-1"]
[WhiteTitle "GM"]
[BlackTitle "GM"]
[WhiteElo "2426"]
[BlackElo "2530"]
[WhiteFideId "5001668"]
[BlackFideId "5074452"]
[EventDate "2016.11.17"]

1. d4 Nf6 2. c4 g6 3. Nc3 Bg7 4. e4 d6 5. f3 O-O 6. Nge2 c5 7. d5 e6 8. Ng3 exd5
9. cxd5 a6 10. a4 Ne8 11. Be2 h5 12. Be3 h4 13. Nf1 Nd7 14. Nd2 f5 15. exf5 Qe7
16. Nc4 Ne5 17. Nxe5 Bxe5 18. Qd2 Bxf5 19. O-O Nf6 20. Rae1 Rae8 21. Bd1 Nh5 22.
f4 Nxf4 23. Bxf4 Bxf4 24. Qxf4 Qxe1 25. Rxe1 Rxe1+ 26. Kf2 Rf1+ 27. Kxf1 Bd3+
28. Kf2 Rxf4+ 29. Ke3 Rd4 30. h3 Bf5 0-1

[Event "54th ch-IND Premier 2016"]
[Site "Lucknow IND"]
[Date "2016.11.25"]
[Round "8.2"]
[White "Adhiban, Baskaran"]
[Black "Sriram, Jha"]
[Result "1-0"]
[WhiteTitle "GM"]
[BlackTitle "GM"]
[WhiteElo "2666"]
[BlackElo "2426"]
[WhiteFideId "5018471"]
[BlackFideId "5001668"]
[EventDate "2016.11.17"]

1. e4 e5 2. Nf3 Nc6 3. Bb5 a6 4. Ba4 Nf6 5. O-O Be7 6. Re1 b5 7. Bb3 d6 8. c3
Na5 9. Bc2 c5 10. d4 Qc7 11. Nbd2 cxd4 12. cxd4 Bg4 13. h3 Bh5 14. d5 O-O 15.
Bd3 Nb7 16. Nf1 Nc5 17. Bb1 Bg6 18. Ng3 Rfc8 19. Nh4 Ne8 20. Nhf5 Qd8 21. Nxe7+
Qxe7 22. Be3 h6 23. f3 Nf6 24. Bc2 a5 25. Rc1 Nh5 26. Ne2 Nf6 27. Nc3 Rab8 28.
Qe2 Qd7 29. Kh2 b4 30. Nb1 Ne8 31. Nd2 f5 32. exf5 Bxf5 33. Bxf5 Qxf5 34. Bxc5
dxc5 35. Qxe5 Qd3 36. Ne4 Qd4 37. Qe6+ Kh8 38. d6 Rd8 39. Rxc5 Qxb2 40. Rf5 Kh7 1-0

[Event "54th ch-IND Premier 2016"]
[Site "Lucknow IND"]
[Date "2016.11.25"]
[Round "8.4"]
[White "Abhishek, Kelkar"]
[Black "Aravindh, Chithambaram VR."]
[Result "1/2-1/2"]
[WhiteTitle "IM"]
[BlackTitle "GM"]
[WhiteElo "2389"]
[BlackElo "2565"]
[WhiteFideId "5019257"]
[BlackFideId "5072786"]
[EventDate "2016.11.17"]

1. d4 Nf6 2. c4 g6 3. Nc3 d5 4. cxd5 Nxd5 5. Bd2 Bg7 6. e4 Nb6 7. Be3 O-O 8. h3
e5 9. d5 c6 10. Qb3 cxd5 11. exd5 Na6 12. Rd1 Bd7 13. Nf3 e4 14. Nd4 Nc5 15. Qb4
Qc8 16. Ndb5 Nd3+ 17. Bxd3 exd3 18. Nd6 Qc7 19. Rxd3 Be5 20. Bxb6 axb6 21. Nc4
Bxc3+ 22. Rxc3 Rfe8+ 23. Ne3 Rxe3+ 24. fxe3 Qg3+ 25. Kf1 Qg5 26. Kg1 Qxd5 27.
Qd4 Qxd4 28. exd4 Rxa2 29. Rc2 Kf8 30. Kf2 Ke7 31. Re1+ Kd6 32. Re3 Ra4 33. Rd2
h5 34. Kg3 b5 35. Kf4 Ra1 36. Kg5 Rf1 37. Kh6 Be6 38. Kg7 Bd5 39. Ree2 b4 40.
Rf2 Rc1 41. Rf6+ Kd7 42. Rb6 b3 43. Re2 Rd1 44. Kf8 Kc7 45. Rb4 Kc6 46. Rf2 Rd3
47. Rf6+ Kc7 48. Rf2 Kc6 49. h4 Rg3 50. Rf6+ Be6 51. Rf3 Rxf3 52. gxf3 b5 53.
d5+ Bxd5 54. Rd4 Kc5 55. Rf4 Be6 56. Ke7 Kd5 57. Re4 Bf5 58. Rb4 Bc2 59. Kxf7
Ke5 60. Kg7 Kd5 61. Kf6 Kc5 62. Rf4 Kd5 63. Kg5 Kc5 64. Kf6 Kd5 65. Kg5 Kc5 66.
Rf8 Kd4 67. Kf4 Kd3 68. Rd8+ Ke2 69. Rd6 Bd3 70. Ke5 Kd2 71. Kd4 Bf5 72. Rc6 b4
73. f4 Bc2 74. Rc4 Kc1 75. Rxb4 Kxb2 76. Kc4 Kc1 77. Kc3 Kd1 78. Rb5 Ke2 79. Rg5
Kf3 80. f5 Bxf5 81. Kxb3 1/2-1/2

[Event "54th ch-IND Premier 2016"]
[Site "Lucknow IND"]
[Date "2016.11.25"]
[Round "8.5"]
[White "Nitin, S."]
[Black "Kunte, Abhijit"]
[Result "1/2-1/2"]
[WhiteTitle "IM"]
[BlackTitle "GM"]
[WhiteElo "2415"]
[BlackElo "2494"]
[WhiteFideId "5018277"]
[BlackFideId "5002265"]
[EventDate "2016.11.17"]

1. e4 e5 2. Nf3 Nc6 3. Nc3 Nf6 4. Bb5 Bd6 5. d3 O-O 6. O-O h6 7. Ne2 Re8 8. c4
Bf8 9. Ng3 d6 10. h3 g6 11. Be3 Bg7 12. Qd2 Kh7 13. Ba4 a5 14. Bc2 Nb4 15. Ba4
Nc6 16. Bc2 Nb4 17. Ba4 Nc6 1/2-1/2

[Event "54th ch-IND Premier 2016"]
[Site "Lucknow IND"]
[Date "2016.11.25"]
[Round "8.6"]
[White "Dhulipalla, Bala Chandra Prasad"]
[Black "Laxman, R.R."]
[Result "1-0"]
[BlackTitle "GM"]
[WhiteElo "2316"]
[BlackElo "2387"]
[WhiteFideId "25005812"]
[BlackFideId "5005361"]
[EventDate "2016.11.17"]

1. d4 Nf6 2. Bf4 d5 3. e3 e6 4. Nd2 c5 5. c3 Nc6 6. Bd3 Be7 7. h3 O-O 8. Ngf3 b6
9. Ne5 Bb7 10. Qe2 c4 11. Bc2 b5 12. O-O Rc8 13. a3 Nxe5 14. dxe5 Nd7 15. Qg4
Re8 16. Nf3 f5 17. exf6 Bxf6 18. Qh5 Nf8 19. Ne5 Qe7 20. Rad1 g6 21. Qe2 Nd7 22.
Nxd7 Qxd7 23. Qg4 Qe7 24. e4 a5 25. Rfe1 Qg7 26. e5 Bd8 27. h4 Kh8 28. Re3 Bb6
29. Bg5 Rf8 30. Bf6 Rxf6 31. exf6 Qxf6 32. Qxe6 Qxe6 33. Rxe6 Bc5 34. h5 Rf8 35.
Rd2 gxh5 36. Rh6 Rf7 37. Rxh5 Re7 38. Kf1 b4 39. axb4 axb4 40. Re2 Kg8 41. Rxe7
Bxe7 42. Rxh7 Kf8 43. Bg6 Bc6 44. Rf7+ Ke8 45. Rf6+ Kd7 46. Be8+ Kxe8 47. Rxc6
b3 48. Ke2 Kd7 49. Ra6 Bc5 50. Ra5 Kc6 51. g4 d4 52. Rxc5+ Kxc5 53. cxd4+ Kb4
54. Kd2 c3+ 55. Kc1 c2 56. g5 1-0

[Event "54th ch-IND Premier 2016"]
[Site "Lucknow IND"]
[Date "2016.11.26"]
[Round "9.2"]
[White "Laxman, R.R."]
[Black "Bakre, Tejas"]
[Result "1/2-1/2"]
[WhiteTitle "GM"]
[BlackTitle "GM"]
[WhiteElo "2387"]
[BlackElo "2450"]
[WhiteFideId "5005361"]
[BlackFideId "5004195"]
[EventDate "2016.11.17"]

1. d4 d5 2. c4 c6 3. cxd5 cxd5 4. Nf3 Nc6 5. Nc3 Nf6 6. Bf4 Bf5 7. e3 e6 8. Bd3
Bxd3 9. Qxd3 Bd6 10. Bxd6 Qxd6 11. O-O O-O 12. Rac1 Rfc8 13. Ne2 Ne7 14. Rxc8+
Rxc8 15. Rc1 Rxc1+ 16. Nxc1 Nc6 17. Qc2 h6 18. h3 Qb4 19. a3 Qd6 20. Nd3 Nd7 21.
Qc3 b6 22. g3 Kf8 23. Kg2 Ke8 24. Nf4 Kf8 25. Nd3 Ke8 26. Qc2 1/2-1/2

[Event "54th ch-IND Premier 2016"]
[Site "Lucknow IND"]
[Date "2016.11.26"]
[Round "9.3"]
[White "Kunte, Abhijit"]
[Black "Dhulipalla, Bala Chandra Prasad"]
[Result "1-0"]
[WhiteTitle "GM"]
[WhiteElo "2494"]
[BlackElo "2316"]
[WhiteFideId "5002265"]
[BlackFideId "25005812"]
[EventDate "2016.11.17"]

1. d4 Nf6 2. c4 g6 3. g3 c6 4. Bg2 d5 5. Qa4 Nfd7 6. cxd5 Nb6 7. Qd1 cxd5 8. Nf3
Nc6 9. b3 Bg7 10. Bb2 O-O 11. O-O Bf5 12. Qd2 a5 13. Nh4 Be6 14. a4 Nc8 15. e3
Qb6 16. Nc3 Rd8 17. Ba3 Nb4 18. Na2 Na6 19. Nc3 Nb4 20. Nb5 Nd6 21. Bxb4 axb4
22. Qxb4 Ra5 23. Rfc1 Nxb5 24. Bf1 Bd7 25. axb5 Rxa1 26. Rxa1 e6 27. Nf3 Rc8 28.
Qa5 Qxa5 29. Rxa5 Kf8 30. Ra7 Rb8 31. Ne5 Be8 32. b4 Bf6 33. Nd3 Bd8 34. Nc5 b6
35. Nd3 Bxb5 36. Ne5 Be8 37. Rxf7+ Bxf7 38. Nd7+ Ke7 39. Nxb8 Be8 40. Na6 Kf6
41. f4 Be7 42. Nc7 Bd7 43. b5 Bd8 44. Na6 Be7 45. Nb8 Be8 46. h4 Bd6 47. Nc6
Bxc6 48. bxc6 Ke7 49. g4 Bc7 50. g5 Kd6 51. Bb5 Bd8 52. Kf2 Be7 53. Kg3 Bf8 54.
Kg4 Kc7 55. h5 gxh5+ 56. Kxh5 Kd6 57. Bd3 Kxc6 58. Bxh7 Kd7 59. Bd3 Ke8 60. Kg6
Be7 61. Kg7 Bf8+ 62. Kf6 Bb4 63. g6 Kf8 64. g7+ 1-0

[Event "54th ch-IND Premier 2016"]
[Site "Lucknow IND"]
[Date "2016.11.26"]
[Round "9.4"]
[White "Aravindh, Chithambaram VR."]
[Black "Nitin, S."]
[Result "1/2-1/2"]
[WhiteTitle "GM"]
[BlackTitle "IM"]
[WhiteElo "2565"]
[BlackElo "2415"]
[WhiteFideId "5072786"]
[BlackFideId "5018277"]
[EventDate "2016.11.17"]

1. e4 c5 2. Nf3 d6 3. Bb5+ Nd7 4. d4 cxd4 5. Qxd4 a6 6. Bxd7+ Bxd7 7. O-O e5 8.
Qd3 h6 9. c4 b5 10. b3 bxc4 11. bxc4 Rc8 12. Ba3 Qc7 13. Rc1 Nf6 14. Nbd2 Be7
15. Rab1 Be6 16. c5 dxc5 17. Qxa6 O-O 18. Rb7 Qd8 19. Qe2 Ra8 20. Bb2 Rxa2 21.
Nxe5 Qa8 22. Qb5 Ra5 23. Qb6 Bd8 24. Qc6 Ra6 25. Qb5 Ra5 26. Qc6 Ra6 1/2-1/2

[Event "54th ch-IND Premier 2016"]
[Site "Lucknow IND"]
[Date "2016.11.26"]
[Round "9.5"]
[White "Ravi, Teja S."]
[Black "Abhishek, Kelkar"]
[Result "1-0"]
[WhiteTitle "IM"]
[BlackTitle "IM"]
[WhiteElo "2384"]
[BlackElo "2389"]
[WhiteFideId "5017220"]
[BlackFideId "5019257"]
[EventDate "2016.11.17"]

1. d4 Nf6 2. Nf3 c5 3. e3 d5 4. c4 cxd4 5. exd4 g6 6. Nc3 Bg7 7. c5 Nc6 8. Bb5
O-O 9. Bxc6 bxc6 10. Ne5 Qc7 11. Qa4 Ng4 12. Nxc6 Kh8 13. Na5 e5 14. Nb5 Qe7 15.
O-O Qh4 16. h3 Nf6 17. Qb3 Ba6 18. Nc6 Ne4 19. a4 exd4 20. Qxd5 Rac8 21. b4 Nc3
22. Nxc3 Bxf1 23. Bg5 Qh5 24. Nxd4 Bc4 25. Qxc4 Qxg5 26. Nf3 Qf6 27. Rc1 Qc6 28.
Nb5 Qa6 29. Nd6 Qxc4 30. Rxc4 Rc7 31. c6 Rb8 32. Nb5 Re7 33. Nd6 Rc7 34. Ng5 Kg8
35. b5 Be5 36. Nde4 a6 37. Rc5 Bg7 38. Rd5 h6 39. Nf3 Kf8 40. Nc5 axb5 41. Nd7+
Rxd7 42. Rxd7 Ke8 43. Rb7 1-0

[Event "54th ch-IND Premier 2016"]
[Site "Lucknow IND"]
[Date "2016.11.26"]
[Round "9.7"]
[White "Karthikeyan, Murali"]
[Black "Adhiban, Baskaran"]
[Result "1/2-1/2"]
[WhiteTitle "GM"]
[BlackTitle "GM"]
[WhiteElo "2530"]
[BlackElo "2666"]
[WhiteFideId "5074452"]
[BlackFideId "5018471"]
[EventDate "2016.11.17"]

1. e4 c5 2. Nf3 Nc6 3. Nc3 g6 4. d4 cxd4 5. Nxd4 Bg7 6. Nb3 Nf6 7. Be2 O-O 8.
O-O d6 9. Re1 Be6 10. Bg5 Rc8 11. Bf1 h6 12. Bh4 Ne5 13. Rb1 Re8 14. Nd5 Bxd5
15. exd5 Qd7 16. f4 Nc4 17. Nd2 b5 18. Nxc4 bxc4 19. b3 cxb3 20. cxb3 Qf5 21.
Bxf6 Bxf6 22. g3 Rc3 23. Bc4 a5 24. Rc1 Rxc1 25. Qxc1 a4 26. Qb1 Qd7 27. Kg2
axb3 28. Bxb3 h5 29. Rc1 Kg7 30. Qe4 Ra8 31. h3 Qa7 32. Rc2 Rb8 33. Rc1 Qa5 34.
Rc2 Rb4 35. Rc4 Rxc4 36. Bxc4 h4 37. gxh4 Qd2+ 38. Kf3 Qh2 39. Bf1 Bxh4 40. Qd4+
Kh7 41. Qe3 Qxa2 42. Kg4 Bf6 43. Qf3 Qa7 44. h4 Kh6 45. f5 Qg1+ 46. Kh3 Be5 47.
Bd3 Qh2+ 48. Kg4 Qg1+ 49. Kh3 Qh2+ 50. Kg4 Kg7 51. fxg6 fxg6 52. Be4 Bf6 53. Qg3
Qe2+ 54. Bf3 Qf1 55. h5 Be5 56. Qg2 Qc1 57. hxg6 Qc8+ 58. Kh4 Qh8+ 59. Kg4 Qc8+
60. Kh4 Bf6+ 61. Kg3 Be5+ 62. Kh4 Qh8+ 63. Kg4 Kxg6 64. Be4+ Kf7 65. Qf3+ Ke8
66. Qf5 Kd8 67. Qh7 Qf8 68. Bf5 Kc7 69. Qg6 Kb6 70. Qg5 Kc5 71. Be6 Kb5 72. Bd7+
Kc4 73. Be6 Qf1 74. Qxe7 Qf4+ 75. Kh5 Bf6 76. Qc7+ Kd3 77. Qh7+ Kd4 78. Qf5
Qxf5+ 79. Bxf5 Kxd5 1/2-1/2

[Event "54th ch-IND Premier 2016"]
[Site "Lucknow IND"]
[Date "2016.11.27"]
[Round "10.3"]
[White "Abhishek, Kelkar"]
[Black "Sriram, Jha"]
[Result "1-0"]
[WhiteTitle "IM"]
[BlackTitle "GM"]
[WhiteElo "2389"]
[BlackElo "2426"]
[WhiteFideId "5019257"]
[BlackFideId "5001668"]
[EventDate "2016.11.17"]

1. d4 d5 2. Nf3 Nf6 3. c4 c6 4. Nc3 dxc4 5. a4 Bf5 6. Ne5 Nbd7 7. Nxc4 Qc7 8. g3
e5 9. dxe5 Nxe5 10. Bf4 Nfd7 11. Bg2 g5 12. Ne3 gxf4 13. Nxf5 O-O-O 14. Qc2 Nc5
15. O-O fxg3 16. hxg3 a5 17. Rfc1 Kb8 18. b3 h5 19. Ne4 Nxe4 20. Qxe4 Bb4 21.
Rd1 Ng6 22. Rxd8+ Qxd8 23. Bf3 h4 24. g4 Re8 25. Qc2 Ne5 26. Rd1 Nxf3+ 27. exf3
Qc7 28. Qc4 h3 29. Qd4 Re2 30. Ng3 Re8 31. Kh2 c5 32. Qd7 Rh8 33. Qf5 c4 34. Rd7
Qc5 35. Qxc5 Bxc5 36. Ne4 Bb6 37. bxc4 Bc7+ 38. Ng3 f6 39. Rd5 Ka7 40. Rf5 Bb6
41. c5 Bd8 42. Nh5 1-0